[Event "RUS-chT 09th Group2"]
[Site "Ekaterinburg"]
[Date "2002.05.22"]
[Round "6"]
[White "Gurevich, Mikhail"]
[Black "Diu, Viacheslav"]
[Result "1-0"]
[WhiteElo "2641"]
[BlackElo "2412"]
[Annotator "Ribli,Z"]
[PlyCount "63"]
[EventDate "2002.05.17"]
[EventType "team-tourn"]
[EventRounds "7"]
[EventCountry "RUS"]
[SourceTitle "CBM 090"]
[Source "ChessBase"]
[SourceDate "2002.09.20"]
[SourceVersion "1"]
[SourceVersionDate "2002.09.20"]
[SourceQuality "1"]
[WhiteTeam "Maykop Universitet"]
[BlackTeam "Khabarovsk Lokomotiv"]
[WhiteTeamCountry "RUS"]
[BlackTeamCountry "RUS"]

1. c4 e5 2. Nc3 Nf6 3. Nf3 Nc6 4. a3 {Das ist eine Lieblingsvariante des
weißen Spielers. Mit dem Textzug verhindert der Anziehende die Möglichkeit Bb4,
was nach 4.e3 oder 4.g3 eine Hauptvariante für Schwarz wäre.} g6 (4... d5 5.
cxd5 Nxd5 6. Qc2 $14 {Auf diese Weise erhalten wir eine Stellung der
Sizilianischen Verteidigung mit umgekehrten Farben.}) 5. g3 Bg7 6. Bg2 O-O 7.
d3 d6 8. O-O Nd4 {Schwarz spielt ähnlich wie in der Variante 8...a5 (statt 8...
Nd4) 9.Rb1 Nd4.} (8... h6 9. b4 a6 10. Rb1 Be6 11. Nd2 Qd7 12. Nd5 Ne8 13. Ne4
$5 (13. a4 {0-1 Beim,V-Gurevich,M/Godesberg GER 2000/}) 13... f5 14. Nec3 Rb8
$5 15. a4 Ne7 $5 16. Bd2 $5 Nf6 $6 (16... Nc8 $1 {(/\17...c6)} 17. b5 a5 18. f4
b6 $13) 17. Nxf6+ Rxf6 18. b5 $14 Rff8 19. bxa6 bxa6 20. Qc2 {1-0 Gurevich,
M-Groszpeter,A/Pardubice 2000/CBM 78/[Gurevich,M] (41)}) (8... Re8 9. e3 Be6
10. h3 h6 11. e4 Kh7 12. Be3 Ne7 13. b4 c6 14. Qe2 d5 15. exd5 cxd5 16. Bc5 Nc6
17. cxd5 Nxd5 18. Ne4 b6 19. Be3 Nd4 20. Bxd4 exd4 21. Qd2 Rc8 22. Rfe1 Nc3 {
0-1 Gurevich,M-Tiviakov,S/Bastia 2001/EXT 2002 (63)}) 9. Nd2 (9. Nxd4 exd4 10.
Nd5 c6 (10... Ng4 11. b4 c6 12. Nf4 Re8 13. b5 $14) (10... Nd7) 11. Nxf6+ Qxf6
$11) 9... c6 10. e3 (10. b4 a6 11. a4 Be6 12. e3 Nf5 13. Nde4 Ne7 14. Ng5 Bg4
15. Qb3 h6 16. Nge4 Nxe4 17. dxe4 Be6 18. a5 Qe8 19. Na4 f5 20. Nb6 Rb8 21. Bb2
Nc8 22. Nxc8 {1/2-1/2 Stefansson,H-Zifroni,D/Panormo 2001/CBM 84 ext (22)})
10... Nf5 $6 {Dieser Springerzug scheint auf dem ersten Blick natürlich, aber
mir gefällt er nicht - im folgenden hat der f5N wenige Manövriermöglichkeiten.}
(10... Ne6 11. Nf3 Bd7 (11... Re8 $5) 12. Rb1 Qc7 13. b4 Nh5 14. d4 f5 15. d5
cxd5 16. Nxd5 Qxc4 17. Nd2 Qg4 18. Qxg4 fxg4 19. Ne4 Bb5 20. Rd1 Rad8 21. Ndc3
{1-0 Malaniuk,V-Yakovich,Y/Ekaterinburg 1997/CBM 57 ext (39)}) 11. Nf3 {
[%mdl 4] Das ist die strategische Pointe des weißen Spiels - er kann nun
entweder d3-d4 ziehen, oder, im Falle von späterem e3-e4, kontrolliert er das
Feld d4.} Re8 12. e4 (12. d4 $6 e4 13. Nd2 d5 $15 {[%cal Gh7h5]}) 12... Ne7 $6
(12... Nd4 $142 13. Nxd4 exd4 14. Ne2 c5 15. h3 $14 {[%cal Gf2f4]}) 13. d4 $14
{[%csl Re7] Weiß hat ein Übergewicht im Zentrum und der e7N steht passiv.
Ähnliche Stellungen haben wir in der Königsindischen Verteidigung (g3-Variante)
.} d5 $5 {Dieser Zug führt zu offenem Spiel, aber Weiß bekommt die Initiative.
Anderseits ist es verständlich, dass Schwarz seine e7-Springerstellung
verbessern möchte.} (13... exd4 14. Nxd4 $14) 14. exd5 (14. Nxe5 Nxe4 15. Nxe4
dxe4 16. Bxe4 Nf5 $132) (14. cxd5 cxd5 15. Nxe5 (15. dxe5 Nxe4 $11) 15... Nxe4
16. Nxe4 dxe4 17. Bxe4 Nf5 $44) (14. dxe5 Nxe4 $11) 14... exd4 (14... cxd5 15.
Nxe5 $16) 15. Nxd4 cxd5 16. Bf4 {Weiß opfert den c4-Bauern für die Initiative.
Ich glaube, dass der ruhige Damezug 16.Qb3 Weiß einen kleinen Positionsvorteil
bietet.} (16. cxd5 Nexd5 $11) (16. Qb3 $5 dxc4 17. Qxc4 $14 {[%cal Gg2a8] Die
weißen Figuren stehen aktiver.}) 16... Bg4 $1 $13 {[%mdl 2048]} (16... dxc4 17.
Ndb5 $44 {[%cal Rb5c7,Rc7a8,Rc7e8]}) 17. Bf3 (17. f3 $6 Bd7 18. c5 $13) 17...
Bxf3 $6 (17... dxc4 $142 $1 $13) 18. Qxf3 Rc8 $6 (18... dxc4 19. Ndb5 (19. Rad1
Qb6 $13) 19... Nf5 (19... Qd3 20. Qxd3 cxd3 21. Nc7 $16) 20. Nc7 {[%cal Rc7a8,
Rc7e8]} Nd4 21. Qg2 $14) (18... Ne4 $5) 19. Be5 $14 Nc6 (19... Nf5 20. Bxf6 (
20. Nxf5 Rxe5 21. Nxg7 Rxc4 $15 {[%csl Rg7]}) 20... Qxf6 21. Nxf5 Qxf5 (21...
gxf5 22. Nxd5 $16) 22. Qxf5 gxf5 23. Nxd5 (23. cxd5 Bxc3 24. bxc3 Rxc3 25. Rfc1
Rec8 26. Rxc3 Rxc3 $11) 23... Rxc4 24. b3 Rc5 25. Rad1 $14) 20. Nxc6 bxc6 21.
Rfe1 Rxe5 $2 {Mit diesem optimistischen Qualitätsopfer hilft Schwarz nur dem
Gegner.} (21... dxc4 $5 22. Rad1 Qe7 {Die Dame steht - auf dem ersten Blick -
schlecht auf e7, aber es ist nicht leicht zu sehen, wie Weiß das ausnutzen
kann.} 23. Re2 $14 (23. Bd4 Qd6 $5 (23... Qxe1+ 24. Rxe1 Rxe1+ 25. Kg2 $13)))
22. Rxe5 Ne4 (22... Ng4 $142 23. Re2 Ne5 24. Qf4 Nxc4 $14 {[%csl Gc4][%cal
Gg7a1]}) 23. Rxe4 dxe4 24. Nxe4 (24. Qxe4 $6 Qd2 $132) 24... Bxb2 25. Rd1 Qe7 (
25... Qc7 26. c5 $14 {[%csl Yd6]}) 26. Nd6 {[%csl Gd6]} Rb8 (26... Rd8 27. c5
$16 {[%csl Gd6]} (27. Qxc6 Bxa3 28. c5 Qd7)) 27. c5 $16 {Der verteidigte d6N
paralysiert die schwarze Stellung und dazu hängt auch der c6P.} Qf6 (27... Qc7
28. Rb1 $16 {[%cal Gb1b8]}) 28. Qxc6 Bd4 (28... Bxa3 29. Qc7 Rf8 (29... Ra8 30.
Rd3 Bb2 31. Qb7 Rf8 32. Rf3 $18) 30. Qxa7 $16) 29. Rd2 {Weiß hat einen Bauern
mehr und alles ist verteidigt in seiner Stellung.} (29. Rf1 $6 Rd8 $132 {
Droht 30...Bxc5 und Schwarz kann den d6-Springer nehmen.}) 29... h5 30. Kg2 (
30. h4 $2 Qe5 {[%cal Re5c5,Re5g3]} 31. Kg2 Qxc5 $11) 30... h4 31. Qd5 Be5 (
31... Bb2 32. Rd3 $18 {[%cal Rd3f3,Rf3f7]}) 32. Nxf7 $18 {Auf diese Weise
gewinnt Weiß einen weiteren Bauern - die schwarze Stellung ist hoffnungslos.} (
32. Nxf7 Qxf7 33. Qxe5 $18) 1-0

[Event "American Continental 11th"]
[Site "Montevideo"]
[Date "2015.05.17"]
[Round "4"]
[White "Santiago, Yago de Moura"]
[Black "Mareco, Sandro"]
[Result "1-0"]
[WhiteElo "2400"]
[BlackElo "2581"]
[Annotator "Rodi,L"]
[PlyCount "117"]
[EventDate "2015.05.15"]
[EventType "swiss"]
[EventRounds "11"]
[EventCountry "URU"]
[SourceTitle "CBM 167"]
[Source "ChessBase"]
[SourceDate "2015.07.13"]
[SourceVersion "1"]
[SourceVersionDate "2015.07.13"]
[SourceQuality "1"]

{O mestre internacional de Recife (Pernambuco, Brasil) Yago Santiago é o
líder isolado do campeonato depois de vencer ao grande mestre argentino
Sandro Mareco em partida com interessante e dramático final} 1. c4 e5 2. Nc3
Nf6 3. Nf3 Nc6 4. a3 g6 5. g3 Bg7 6. Bg2 O-O 7. d3 h6 8. O-O d6 9. Rb1 Be6 {
Uma posição muito popular na Inglesa dos Quatro Cavalos, com ambos os lados
decididamente progredindo em setores opostos do tabuleiro. Enquanto a imediata
10.b4 é a ideia mais popular, o lance que segue é também usual} 10. Nd2 Qd7
11. b4 Bh3 12. b5 Bxg2 13. Kxg2 Ne7 $146 (13... Nd4 14. e3 Ne6 $11 {Bollengier
- Bedouin, Saint Affrique 2011}) 14. a4 Nh7 15. Nf3 f5 16. Qb3 Kh8 17. Nd5 g5
18. Nxe7 Qxe7 $13 {Cada lado ataca de forma evidente no seu setor, e o jogo se
desenvolve de forma temática} 19. e3 Rf7 {Mareco se prepara para dobrar as
torres na coluna f. A simples} (19... Rae8 {teria sido uma alternativa
razoável}) 20. c5 $5 {Uma interessante entrega de peão, com o objetivo de
enfraquecer a estrutura adversária e atar as peças pretas à defesa dos
peões , especialmente o de e5. A posição, entretanto, segue sendo muito
complexa e oferece chances aos dois lados} dxc5 21. Bb2 {Com a ameaça de
capturar em e5 para explorar a dama sobrecarregada (a Tf7 necessita defesa). O
seguinte lance, ao defender a torre, soluciona o problema} Kg8 22. e4 fxe4 23.
dxe4 Re8 (23... g4 $5 24. Nh4 Ng5 {é outra possibilidade, com as pretas
fazendo jogo pela coluna f}) 24. Rbd1 Nf8 25. h4 Bf6 {Parece mais natural a
opção} (25... Ne6 $5 $11) 26. Rd5 $5 {Depois deste lance o jogo ingressa
numa fase de grandes complicações} (26. hxg5 hxg5 27. Rh1 $14) 26... Qe6 27.
Qe3 gxh4 $5 (27... Ng6 {é outra possibilidade. Uma linha ilustrativa é} 28.
hxg5 Nf4+ 29. gxf4 exf4 30. Qxc5 Qg4+ 31. Kh2 Qh5+ 32. Kg2 Bxb2 33. Qc4 Bg7 $11
) 28. Rxc5 (28. Nxh4 c6 $13) 28... Rg7 $6 (28... Ng6 $1 $15) 29. Bxe5 {As
brancas lutam pela iniciativa com esta ideia. Alternativamente, o meu
computador recomenda} (29. Nxh4 {com linhas como} Bg5 (29... Bxh4 30. Rxe5 $16)
30. Qa3 $5 Be7 31. Nf5 Bxc5 32. Qxc5 Rh7 33. Qe3 $44) 29... hxg3 (29... Nd7 30.
Bxf6 Nxf6 31. Nxh4 Nxe4 32. Rf5 {com iniciativa}) 30. fxg3 (30. Bxf6 Qxf6 31.
fxg3 Qe6 $11) 30... Nd7 $2 {Um erro sério de cálculo} (30... Bxe5 31. Rxe5
Qg4 32. Qb3+ Re6 33. Ng5 Rxg5 34. Rxf8+ Kxf8 35. Rxe6 Qe2+ $11 {com xeque
perpétuo}) 31. Nd4 $1 Qb6 (31... Qa2+ 32. Rc2 $18 {não é melhor}) 32. Bxf6
Nxf6 33. Nf5 $18 {As pretas ficam sem cobertura para seu rei} Rg6 34. Nxh6+ Kh7
35. Rh1 Rxe4 36. Qb3 Re2+ 37. Kf1 Re6 38. Nf5+ Kg8 39. a5 $2 {Muito aparente e
sobretudo tentadora, mas não a mais forte! Possivelmente muitos lances ganham
aqui; dentre eles eu chamo a atenção do leitor sobre} (39. Rc6 $1 {com a
ideia} Ne4 40. Rxb6 Nd2+ 41. Kg2 Nxb3 42. Rxb7 $18) 39... Qxc5 40. Qxe6+ Kf8
41. Rh8+ Ng8 42. Qc8+ ({Aqui} 42. Qxg6 {permite} Qxb5+ 43. Kg1 (43. Kg2 Qb2+ {
transpõe}) 43... Qb1+ 44. Kg2 Qb2+ 45. Kf3 Qxh8 $11) 42... Kf7 43. Rh7+ Kf6
44. Qd8+ Ke5 45. Qxc7+ Qxc7 46. Rxc7 Kxf5 {Uma pitoresca posição. As brancas
têm um cavalo a menos, mas as peças pretas estão passivamente posicionadas
e os peões da ala de dama muito expostos. Por outro lado, os peões brancos
estão perigosamente avançados, todos detalhes que configuram o drama que
envolve esta fase final} 47. Rxb7 Rxg3 48. Rxa7 Rb3 (48... Nf6 {ativando de
imediato o cavalo é uma opção decente}) 49. b6 Rb5 {Jogando com fogo} (49...
Nf6 50. b7 Ne4 51. a6 Nc5 {com a ideia ...Cxa6 alcança o empate}) 50. b7 Ke4
$2 {Depois deste lance -presumivelmente feito em apuro de tempo- as pretas
estão sem salvação} ({Era imprescindível trazer o cavalo ao jogo com} 50...
Nf6 {(ou 50...Ce7)} 51. a6 Nd5 {e se} 52. Ra8 (52. Kg2 Nb4 53. Ra8 Nxa6 $11)
52... Nc7 $1 53. b8=Q (53. Rf8+ Ke4 $11) 53... Rxb8 54. Rxb8 Nxa6 {com final
teórico de empate}) 51. a6 $18 {A cavalaria nunca chegou, e o forte cai. O
que segue é simples} Kf3 52. Ke1 Ke3 53. Kd1 Kd3 54. Kc1 Ne7 55. Ra8 Nc6 56.
Rc8 Nb4 57. Rd8+ Ke2 58. a7 Na2+ 59. Kc2 1-0

[Event "GBR-ch KO"]
[Site "London"]
[Date "2015.12.06"]
[Round "3.2"]
[White "Howell, David"]
[Black "Pert, Nicholas"]
[Result "1-0"]
[WhiteElo "2693"]
[BlackElo "2569"]
[Annotator "Sagar Shah/CB Website"]
[PlyCount "105"]
[EventDate "2015.12.01"]
[EventType "k.o."]
[EventRounds "3"]
[EventCountry "ENG"]
[SourceTitle "CBM 170"]
[Source "ChessBase"]
[SourceDate "2016.01.15"]
[SourceVersion "1"]
[SourceVersionDate "2016.01.15"]
[SourceQuality "1"]

1. c4 e5 2. Nc3 Nc6 3. g3 g6 4. Bg2 d6 5. d3 Bg7 6. e4 Nd4 7. Nce2 c5 8. Nxd4
cxd4 9. h4 h5 10. Nh3 Bh6 11. f4 Nf6 12. Nf2 Ng4 13. Nxg4 Bxg4 14. Bf3 Qd7 15.
Bxg4 Qxg4 16. Qxg4 hxg4 17. O-O Ke7 18. a4 Rag8 19. Kg2 exf4 20. Bxf4 Bxf4 21.
Rxf4 g5 22. hxg5 Rxg5 23. Rh1 Rxh1 24. Kxh1 a5 $11 {The position is just equal.
} 25. Kg2 Ke6 26. Rf1 Rh5 27. Rf4 Rg5 28. Kf1 f6 29. Ke1 Rh5 30. Rxg4 Rh2 31.
Rf4 Rxb2 32. Rf5 Rg2 33. Rd5 Rxg3 34. Rxd4 Rg5 35. Kd2 b6 36. Kc3 Rg1 37. Rd5
Rb1 38. Kd4 Rb4 $2 (38... Rb3 $1 39. Rb5 Rb4 $1 $11) 39. Rb5 $1 Rxa4 (39...
Rxb5 40. cxb5 $18) 40. Rxb6 Rb4 41. Ra6 $6 (41. Rc6 $3 {A position of mutual
zugzwang. If the rook leaves the fifth rank then c4-c5 becomes possible. And
if the black king moves backwards, then the white king comes up.} Kd7 (41... a4
42. Ra6 $18) (41... Ra4 42. Ra6 $18) (41... Rb3 42. c5 $18) 42. Kd5 $18) 41...
Ra4 42. Rb6 Rb4 43. Rc6 $1 {David Howell hits the right track.} a4 44. Ra6 Kd7
45. Kd5 $18 Kc7 46. Rxd6 Rb8 47. Kc5 a3 48. Rxf6 Kb7 49. Rf2 Ka6 50. Ra2 Rb3
51. d4 Ka5 52. d5 Ka4 53. d6 1-0

[Event "FIN-SWE"]
[Site "Helsinki"]
[Date "1991.??.??"]
[Round "1"]
[White "Andersson, Ulf"]
[Black "Yrjola, Jouni"]
[Result "0-1"]
[WhiteElo "2625"]
[BlackElo "2500"]
[Annotator "Schussler,H"]
[PlyCount "85"]
[EventDate "1991.??.??"]
[EventType "team"]
[EventRounds "2"]
[EventCountry "FIN"]
[SourceTitle "CBM 026"]
[Source "ChessBase"]
[SourceDate "1992.02.01"]
[SourceVersion "1"]
[SourceVersionDate "1992.02.01"]
[SourceQuality "1"]

1. Nf3 Nf6 2. c4 g6 3. g3 Bg7 4. Bg2 O-O 5. O-O d6 6. Nc3 Nc6 7. d3 e5 8. Rb1
a5 9. a3 Nd4 (9... h6 10. b4 axb4 11. axb4 Be6 12. b5 Ne7 13. Bb2 Qd7 14. Nd2
Rab8 15. Re1 Bh3 16. Bh1 Ng4) 10. b4 axb4 11. axb4 c6 12. b5 Bg4 13. Bg5 $1
Bxf3 14. Bxf3 h6 $6 (14... Ra3 15. Ne4 (15. Qc1 Qa5 16. Bd2 Nb3) 15... Nxf3+
16. exf3 d5) 15. Bxf6 Nxf3+ 16. exf3 Bxf6 17. bxc6 bxc6 18. Rb7 $1 $16 Ra3 19.
Qc2 Qa8 (19... d5 20. cxd5 cxd5 21. Nb5 Ra5 22. Qc6 $16 Bg7 23. Rb1 Ra2 24. Nd6
e4 25. Nxf7 {Andersson,U-Nunn,J/South Africa/1981/25/1-0/}) 20. Rfb1 e4 $5 {
! Pyhala} (20... Ra7 $14 {Bagirov =}) 21. Nxe4 Bd4 {>< f2} 22. Qc1 $1 d5 23.
cxd5 (23. Nd6 $5 Be5 (23... Ra2 24. Nxf7 Rxf2 25. Qf4 Rxf3+ 26. Qxd4 R3xf7 27.
Rxf7 Rxf7 28. Qe5 Kh7) 24. c5) 23... cxd5 24. Nd6 Qa6 $2 (24... Ra2 25. Nxf7
Rxf2 26. Qf4 Rxf3+ (26... Rb2+ 27. Qxd4 Rxb7 28. Qh8+ Kxf7 29. Qh7+ Kf6 30.
Rxb7) 27. Qxd4 R3xf7 28. Qxd5) (24... Be5 $1 25. Qc7 Qa5 26. R7b6 Qa7) 25. Qf4
$2 (25. Nxf7 $1 Rxf7 26. Qc8+ $1 Rf8 (26... Kg7 27. Rxf7+ Kxf7 28. Rb7+ $18)
27. Qd7) 25... Ra4 $1 {/\ ...Bd4xf2+} 26. Nxf7 (26. R7b4 Rxb4 27. Rxb4 Bc5) (
26. Kg2 Bc5) (26. Nc4 Ba7) 26... Bxf2+ 27. Kxf2 Rxf4 28. Nxh6+ Kh8 29. gxf4 Qf6
30. R1b4 (30. Ng4 Qxf4 31. Kg1 Qxf3) 30... Qh4+ 31. Kg2 Qxh6 32. Rd7 Qh4 $5 33.
Rxd5 Ra8 34. Rb2 Qxf4 35. Rc5 Rf8 36. Rf2 Qd4 37. Rg5 Kh7 38. Rg4 Qxd3 39. Rh4+
Kg7 40. Rg4 Rf5 41. h4 Kh6 42. Kg3 Re5 43. Kg2 0-1

[Event "Haifa"]
[Site "Haifa"]
[Date "1995.??.??"]
[Round "10"]
[White "Psakhis, Lev"]
[Black "Svidler, Peter"]
[Result "0-1"]
[WhiteElo "2625"]
[BlackElo "2585"]
[Annotator "Svidler,P"]
[PlyCount "90"]
[EventDate "1995.01.??"]
[EventType "tourn"]
[EventRounds "11"]
[EventCountry "ISR"]
[EventCategory "14"]
[SourceTitle "CBM 046"]
[Source "ChessBase"]
[SourceDate "1995.06.01"]
[SourceVersion "1"]
[SourceVersionDate "1995.06.01"]
[SourceQuality "1"]

1. c4 {Ribli} e5 2. Nc3 f5 3. g3 Nc6 4. Bg2 g6 5. d3 Bg7 6. e4 d6 7. Nge2 Nh6 {
!? Ribli: Eine seltene, aber spielbare Variante.} (7... Nf6 8. O-O O-O 9. Nd5 (
9. exf5 gxf5 10. f4 Be6 11. Nd5 Qd7 $132 {McNab,C-Van Mil,J/Oakham/1994/0:1/48/
}) 9... Be6 (9... Ne7 $5 $10 {Ribli Smejkal,J-Timman,J/Prague/1990/CBM20/INF50,
23/}) 10. Bg5 Qd7 11. Qd2 Nh5 12. exf5 Bxf5 13. Rae1 Rf7 14. b4 Bh3 15. Bxh3
Qxh3 16. b5 Nd8 17. f4 Ne6 18. fxe5 Raf8 19. Rxf7 Rxf7 20. Bf6 dxe5 21. Bxg7 {
Ribli,Z-Ibragimov,I/ATI-Homorod/1993/0,5/21/}) 8. h4 fxe4 $5 (8... O-O 9. Bg5
Qd7 10. Nd5 Nf7 11. Be3 Ncd8 12. h5 c6 13. hxg6 hxg6 14. Ndc3 $14 {Chernin,
A-Kupreichik,V/URS/1985/1:0/40/}) (8... Nf7 {Ribli} 9. h5 g5 10. exf5 Bxf5 11.
Bd5 h6 12. Be3 Qd7 $13 {Portisch,L-Sax,Gy/Tilburg/1979/INF28,64/}) 9. Bg5 (9.
dxe4 O-O 10. Nd5 (10. Qd3 Be6 $13) 10... Bg4 $13) (9. Nxe4 $5 Nf7 $13) 9... Qd7
10. Bxe4 (10. Nxe4 Qf7 11. Qd2 Nf5 $13) (10. dxe4 $5 {Ribli}) 10... Nf5 (10...
O-O $6 {Ribli} 11. h5 $40 {Sehr starke Initiative}) 11. Nd5 (11. h5 {Ribli} h6
12. Bd2 g5 13. g4 Nfe7 14. f3 O-O 15. Nd5 Nxd5 16. Bxd5+ Kh8 $13 {Beide haben
gute und auch schwache Punkte. Die Chancen sind gleich.}) 11... h6 (11... O-O
$5) 12. Bd2 (12. Nf6+ $2 {Ribli} Bxf6 13. Bxf6 Rf8 14. g4 Rxf6 15. gxf5 gxf5
$17) (12. Bf6 {Ribli} O-O 13. Bxg7 Kxg7 $13) 12... O-O $132 13. g4 $5 {Ribli:
Jetzt beginnt ein sehr kompliziertes Mittelspiel.} (13. Bc3 Qf7 14. Qd2 $132)
13... Nfd4 14. Nxd4 (14. Bxg6 $2 {Ribli} Nf3+ 15. Kf1 Qxg4 16. h5 Qh3+ $1 17.
Rxh3 Bxh3# {Sehr huebsch}) 14... Nxd4 15. g5 $1 Qf7 (15... c6 16. gxh6 $1 $40)
16. Be3 $8 Bf5 (16... c6 17. Bxg6 $1 Qe6 18. Be4 $1 $16) 17. h5 $3 (17. gxh6 {
Ribli} Bxe4 18. dxe4 Bxh6 $17) 17... gxh5 (17... hxg5 18. hxg6 Qd7 19. Qh5 $18)
(17... Bxe4 18. dxe4 Nf3+ (18... hxg5 19. hxg6 Nf3+ 20. Qxf3 $1 Qxf3 21. Ne7#)
19. Kf1 gxh5 (19... hxg5 20. h6 $1 Bh8 21. h7+ Kg7 22. Qd3 $14) 20. gxh6 Bh8
21. Bf4 $1 Nd4 22. h7+ $1 $18) 18. g6 $2 (18. gxh6 Bxe4 (18... Bxh6 19. Bxh6
Bxe4 20. Rg1+ Kh8 (20... Bg6 21. Rxg6+) (20... Kh7 21. Rg7+) 21. Bg7+ Kh7 22.
Nf6+ Qxf6 23. Qxh5+) 19. dxe4 Bxh6 20. Qxh5 $3 (20. Bxd4 $2 exd4 21. Qxd4 c5 $1
$19) (20. Ne7+ Qxe7 21. Qxh5 (21. Bxh6 Nf3+ $17) 21... Bxe3 $1 22. Rg1+ Qg7 23.
Rxg7+ Kxg7 24. fxe3 Nc2+ $17) 20... Qxh5 21. Rxh5 Bxe3 (21... Nc2+ 22. Ke2 Nxa1
23. Bxh6 $36) 22. Nxe3 Kg7 $1 23. O-O-O Rh8 $10) 18... Qd7 (18... Bxg6 $2 {
Ribli} 19. Bxg6 Qxg6 20. Ne7+ $18) 19. Qxh5 {Ribli: Der weisse Angriff sieht
uebermaechtig aus, aber Schwarz kann gut kontern.} Nc2+ (19... Bg4 $2 {Ribli}
20. Qh4 Nc2+ 21. Kd2 Nxa1 $2 22. Ne7+ Kh8 23. Bxh6 $18) 20. Kf1 (20. Kd2 {Ribli
} Nxe3 21. fxe3 (21. Nxe3 Bxe4 22. dxe4 Rxf2+ $17) 21... Bxe4 22. dxe4 Rf2+ $17
) 20... Nxe3+ $1 (20... Bxe4 $2 {Ribli} 21. dxe4 Nxa1 $2 {Man darf nicht so
optimistisch sein.} 22. Bxh6 {Schwarz hat keine Verteidigung.} Nc2 (22... Bxh6
23. Qxh6 Qg7 24. Ne7+ $1 Qxe7 25. Qh8#) 23. Bg5 $1 Rfe8 24. Qh7+ Kf8 25. Bh6
$18) 21. Nxe3 Be6 $15 22. Bd5 (22. Bxb7 $2 {Ribli} Rab8 23. Bd5 Rxb2 $17 {>< f2
}) 22... Bxd5 (22... Rf4 23. Bxe6+ Qxe6 24. Nd5 $1) 23. Nxd5 (23. cxd5 Qb5 $17)
23... c6 24. Ne3 Rf4 {! Ribli: Schwarz hat schon die Initiative.} 25. Rh4 $1 $8
(25. Rg1 {Ribli} Raf8 26. Ng4 Qf5 $17) 25... Raf8 26. Rxf4 Rxf4 27. Ke2 (27. f3
d5 28. cxd5 cxd5 29. Rc1 d4 $1 30. Ng2 (30. Nc4 Qc6 $1 $17) 30... Rf8 $13)
27... e4 $1 {Ribli: oeffnet die Diagonale fuer den Bg7.} 28. dxe4 Rxe4 29. Rd1
(29. Rg1 {Ribli} d5 $36) 29... Qe6 $17 30. Kf3 (30. Kf1 Re5 31. Qg4 Qxg4 32.
Nxg4 Rg5 $17) (30. b3 {Ribli} Re5 31. Qh4 Qxg6 32. Qd8+ Bf8 $17) 30... Re5 31.
Qg4 Qf6+ 32. Ke2 Re6 $1 {Ribli: gewinnt einen Bauern.} 33. b3 (33. Rg1 Qxb2+
34. Kf1 Rf6 $17 (34... Qb1+ $1 {Ribli} 35. Ke2 Qc2+ 36. Kf1 Qd3+ $19)) 33...
Qxg6 34. Qxg6 Rxg6 35. Nf5 Bf8 36. f4 $4 $138 {Ribli: verliert noch einen
Bauern.} (36. Ng3 $17) (36. Rd4 $17 {Ribli}) 36... Rf6 $19 37. Ng3 Rxf4 {
Ribli: Der Rest ist einfach.} 38. Ke3 Rf6 39. Ne4 Re6 40. Kf4 Kf7 41. Ng3 Bg7
42. Nf5 Be5+ 43. Ke4 Kg6 44. Nh4+ (44. Rg1+ Bg3+ $19) 44... Kg5 45. Ng2 (45.
Nf3+ Kg4 $19) 45... h5 0-1